00540nam a2200193Ia 450000500170000000800410001704000190005804100120007708200130008910000240010224500440012625000210017026000530019130000260024450400190027065000280028965100190031785000100033620230606142426.0131103s9999 xx 000 0 und d aLoreto College aEnglish a940bSCH aSchevill, Ferdinand 2aA history of EuropecFerdinand Schevill aNew and rev. ed. aUnited States of AmericabHarcourt, Brace c1951 axii,963p.b ill.,maps aIncludes index aEurope - Modern History aModern History aLCLIB